| 000 | 01346nam0a2200337 4500 | ||
|---|---|---|---|
| 001 | RU\NLR\bibl\920800 | ||
| 005 | 20250614190220.0 | ||
| 021 |
_aRU _b2006-138 _96 |
||
| 035 | _a(NLR Aleph) 000909078 | ||
| 090 |
_a30267 _c30267 |
||
| 100 | _a20060323d2005 |||y0rusy50 ca | ||
| 101 | 0 | _arus | |
| 102 | _aRU | ||
| 105 | _aa ||||||||| | ||
| 200 | 1 |
_aСудовая и промышленная энергетика _dShip and industrial power engineering _e[сборник статей] _zeng |
|
| 210 |
_aНижний Новгород _cизд-во ФГОУ ВПО ВГАВТ _d2005 |
||
| 215 |
_a170 с. _cил., цв.ил. _d26 |
||
| 225 | 1 |
_aВестник Волжской государственной академии водного транспорта _vвып. 13 |
|
| 300 | _aРез. на англ. яз. | ||
| 320 | _aБиблиогр. в конце ст. | ||
| 510 | 1 |
_aShip and industrial power engineering _zeng |
|
| 606 | 1 |
_aПромышленная энергетика _jСборники _92216886 _3RU\NLR\auth\661331408 |
|
| 606 | 1 |
_aСудовые силовые установки _jСборники _91049517 _3RU\NLR\auth\6687414 |
|
| 686 | _aЗ1я43 | ||
| 686 | _aО455я43 | ||
| 801 | 0 |
_aRU _bNLR _c20060323 _grcr |
|
| 801 | 1 |
_aRU _bNLR _c20060323 |
|
| 852 |
_aNLR _jП11/4910 |
||
| 942 | _cBOOK | ||
| 980 | _aNB | ||